Normal view
MARC view
- Bhatia, K B
Entry Personal Name
001 - CONTROL NUMBER
- control field: 6551
003 - CONTROL NUMBER IDENTIFIER
- control field: OSt
005 - DATE AND TIME OF LATEST TRANSACTION
- control field: 20241223154643.0
008 - FIXED-LENGTH DATA ELEMENTS
- fixed length control field: 241223|| aca||aabn | a|a d
040 ## - CATALOGING SOURCE
- Original cataloging agency: OSt
- Transcribing agency: OSt
100 ## - HEADING--PERSONAL NAME
- Personal name: Bhatia, K B
670 ## - SOURCE DATA FOUND
- Source citation: Work cat.: (OSt)10544: Bhatia, K B ., Studey of alternating current machines / , 1986.
